000
00342nam a2200133Ia 4500
008
090124s9999 xx 000 0 und d
082
_b
19513
_a
919
245
_a
आसुरी लालसा
250
_a
0
300
_a
21
630
_a
आसुरी लालसा
730
_a
आसुरी लालसा
942
_c
BOOK
999
_c
133412
_d
133412